| 000 | 00994nam a22002537a 4500 | ||
|---|---|---|---|
| 005 | 20150820105849.0 | ||
| 010 | _aENG-113410 | ||
| 020 |
_a8192110699 _c2800.00 |
||
| 020 |
_a9788192110691 _c2800.00 |
||
| 035 | _aEN-96942 | ||
| 037 | _bDBAD/PUB | ||
| 082 | _a954.52 | ||
| 245 |
_aMurshidabad : _cedited by Neeta Das [and] Rosie Llewellyn- Jones _bforgotten capital of Bengal / |
||
| 260 |
_aMumbai _bThe Marg Foundation _c2014 |
||
| 270 |
_aArmy & Navy Building, 3rd Floor, 148, M.G. Road, _bMumbai _e400001 |
||
| 300 |
_a136p. : _c32cm(Hb) _bill. (chiefly col), maps |
||
| 500 | _a "Vol. 65, no. 2, December 2013"--T.p. verso; simultaneously issued in serial format as an issue of Mārg. | ||
| 500 | _a Includes bibliographical references (pages 132-133) and index. | ||
| 650 |
_aArt, Indic _zIndia _zMurshidābād. |
||
| 650 |
_a Handicraft _zIndia _zMurshidābād. |
||
| 700 | _aDas, Neeta | ||
| 700 | _aJones, Rosie Llewellyn | ||
| 942 |
_2ddc _cEN _mMUR _h954.52 |
||
| 999 |
_c94759 _d94759 |
||